| 000 | 00537cam a22002171 4500 | ||
|---|---|---|---|
| 001 | sa 68006322 | ||
| 003 | DLC | ||
| 005 | 20260227112515.0 | ||
| 008 | 890921s1966 ii 000 0 urdr | ||
| 010 | _asa 68006322 | ||
| 035 | _a(OCoLC)20376683 | ||
| 040 |
_aDLC _cWaU _dDLC |
||
| 042 | _apremarc | ||
| 050 | 0 | 0 |
_aPN1049.U7 _bA34 |
| 100 | 2 |
_aAfqar Mohānī, Muḥammad Ḥusain, _d1887- |
|
| 245 | 1 | 0 | _aRahnumā-yi shāʻirī. |
| 260 |
_a[Lucknow, _c1966] |
||
| 300 |
_a39 p. _c18 cm. |
||
| 500 | _aIn Urdu. | ||
| 650 | 0 | _aPoetics. | |
| 999 |
_c81248 _d81248 |
||